| 000 | 00839nam a22003011c 4500 | ||
|---|---|---|---|
| 001 | 523592531 | ||
| 008 | 090528s2007 gw |||| 000u ger d | ||
| 020 |
_a9783898617 _9978-3-89861-7 |
||
| 041 |
_ager _aeng |
||
| 245 | 0 | 0 | _aAntisemitismus und radikaler Islamismus |
| 264 |
_aEssen : _bKlartext, _c2007 |
||
| 300 | _a218 S. ; 21 cm | ||
| 650 | 0 | _aIslam | |
| 650 | 0 |
_aTerrorismus _91869 |
|
| 650 | 0 | _aNahostkonflikt | |
| 650 | 0 | _aRassismus | |
| 650 | 0 | _aNationalsozialismus | |
| 650 | 0 |
_aIslamismus _912118 |
|
| 650 | 0 |
_aAntisemitismus _9376 |
|
| 655 | 0 |
_aAufsatzsammlung _9210 |
|
| 700 | 1 |
_aBenz, Wolfgang _eHerausgeberIn _92949 |
|
| 700 | 1 |
_aWetzel, Juliane _eHerausgeberIn _912119 |
|
| 942 | _cMG | ||
| 040 | _cRU-10907106 | ||
| 003 | RU-10907106 | ||
| 999 |
_c23754 _d23754 |
||
| 490 | 0 |
_aAntisemitismus _v4 |
|
| 546 | _aBeitr. teilw. dt., teilw. engl | ||